Statistics for Eminem Albums

Click here to take the quiz!

General Stats

  • This quiz has been taken 1,055 times
  • The average score is 10 of 13

Answer Stats

HintAnswer% Correct
The Real Slim ShadyThe Marshall Mathers LP
94%
Not AfraidRecovery
91%
Without MeThe Eminem Show
89%
We Made YouRelapse
88%
Just Lose ItEncore
86%
My Name IsThe Slim Shady LP
86%
BerzerkThe Marshall Mathers LP 2
83%
Lose Yourself8 Mile (Music from and Inspired By the Motion Picture)
75%
Named after song on albumInfinite
73%
When I'm GoneCurtain Call: The Hits
72%
EPThe Slim Shady EP
51%
ElevatorRelapse: Refill
39%
You Don't KnowEminem Presents: The Re-Up
37%

Score Distribution

Percentile by Number Answered

Percent of People with Each Score

Your Score History

You have not taken this quiz